|
|
|
|
| LEADER |
00000nas a2200000 a 4500 |
| 001 |
ssj0011861 |
| 003 |
WaSeSS |
| 005 |
20200512172242.0 |
| 006 |
m d |
| 007 |
cr n |
| 008 |
040213c19759999dcubr pss 0 0eng c |
| 010 |
|
|
|a 2004263012
|
| 016 |
7 |
|
|a 011097471
|2 Uk
|
| 022 |
|
|
|y 0098-9444
|
| 035 |
|
|
|a (WaSeSS)ssj0011861
|
| 037 |
|
|
|b Biblical Archaeology Society, 4710 41st Street NW, Washington, DC 20016
|
| 040 |
|
|
|a TXA
|b eng
|c TXA
|d OCLCQ
|d NLGGC
|d OCLCQ
|d OCLCF
|d OCLCQ
|d OCLCE
|d UKMGB
|d WaSeSS
|
| 042 |
|
|
|a pcc
|a dlr
|
| 050 |
1 |
4 |
|a BS620.A1
|b B52
|
| 130 |
0 |
|
|a Biblical archaeology review (Online)
|
| 245 |
1 |
0 |
|a Biblical archaeology review
|h [electronic resource].
|
| 246 |
1 |
|
|i Also know as:
|a BAR
|
| 260 |
|
|
|a Washington, D.C. :
|b Biblical Archaeology Society,
|c [1975]-
|
| 310 |
|
|
|a Bimonthly,
|b 1979-
|
| 321 |
|
|
|a Quarterly,
|b 1975-1978
|
| 362 |
0 |
|
|a Vol. 1, no. 1 (Mar. 1975)-
|
| 500 |
|
|
|a Title from issue table of contents (Biblical Archaeology Society website, viewed Feb. 13, 2004).
|
| 506 |
|
|
|a License restrictions may limit access.
|
| 538 |
|
|
|a Master and use copy. Digital master created according to Benchmark for Faithful Digital Reproductions of Monographs and Serials, Version 1. Digital Library Federation, December 2002.
|u http://purl.oclc.org/DLF/benchrepro0212
|5 MiAaHDL
|
| 538 |
|
|
|a Mode of access: World Wide Web.
|
| 583 |
1 |
|
|a digitized
|c 2010
|h HathiTrust Digital Library
|l committed to preserve
|2 pda
|5 MiAaHDL
|
| 588 |
|
|
|a Latest issue consulted: Vol. 29, no. 06 (Nov./Dec. 2003).
|
| 630 |
0 |
0 |
|a Bible
|x Antiquities
|v Periodicals.
|
| 630 |
0 |
7 |
|a Bible.
|2 fast
|0 (OCoLC)fst01356024
|
| 630 |
0 |
6 |
|a Bible
|x Antiquités
|v Périodiques.
|
| 650 |
|
7 |
|a Antiquities.
|2 fast
|0 (OCoLC)fst00810745
|
| 650 |
1 |
7 |
|a Bijbelse archeologie.
|2 gtt
|
| 655 |
|
0 |
|a Electronic journals.
|
| 710 |
2 |
|
|a Biblical Archaeology Society.
|
| 776 |
0 |
8 |
|i Print version:
|t Biblical archaeology review
|x 0098-9444
|w (DLC) 75645521
|w (OCoLC)2242487
|
| 856 |
4 |
0 |
|z Full text available from Research Library: 09/01/1998 to 09/30/2001
|u https://search.proquest.com/publication/46246
|